000
00444nam a2200157Ia 4500
008
100122s9999 xx 000 0 und d
082
_b
25621
_a
923.654
100
_a
नारायण जयप्रकाश
245
_a
स्वगत
260
_b
अभय प्रकाशन
_c
1976
300
_a
135
630
_a
स्वगत
700
_a
देशपांडे पु ल
730
_a
स्वगत
942
_c
BOOK
999
_c
412340
_d
412337